| 000 | 01015cam a22003135a 4500 | ||
|---|---|---|---|
| 001 | 015557689 | ||
| 003 | OSt | ||
| 005 | 20151102141302.0 | ||
| 008 | 100511t2011 maua frbd 001 0 eng d | ||
| 020 | _a9780132540506 (pbk.) | ||
| 020 | _a0132540509 (pbk.) | ||
| 040 |
_aStDuBDS _beng _cStDuBDS _dEG-ScBUE |
||
| 082 | 0 | 4 |
_a332.678 _222 _bGIT |
| 100 | 1 |
_aGitman, Lawrence J. _911768 |
|
| 245 | 1 | 0 |
_aFundamentals of investing / _cLawrence J. Gitman, Michael D. Joehnk, Scott Smart. |
| 250 | _a11th ed., International ed. | ||
| 260 |
_aBoston : _bPearson / Prentice Hall, _cc.2011. |
||
| 300 |
_a(Various pagings) : _bill. ; _c23 cm. |
||
| 500 | _aIncludes glossary. | ||
| 500 | _aIncludes Index. | ||
| 500 | _aIncludes student access code inside. | ||
| 504 | _aIncludes bibliographical references. | ||
| 650 | 7 |
_aInvestments. _2BUEsh _99026 |
|
| 650 | 7 |
_aSpeculation. _2BUEsh _935036 |
|
| 653 |
_bBUSADM _cJune2015 _cNovember2015 |
||
| 700 | 1 | _aJoehnk, Michael D. | |
| 700 | 1 | _aSmart, Scott B. | |
| 942 | _2ddc | ||
| 999 |
_c20018 _d19990 |
||